000 00384nam a2200157Ia 4500
008 230312s9999||||xx |||||||||||||| ||und||
020 _a0-7506-4785-X
082 _a720.87
_bGOL-U
100 _aGoldsmith;Selwyn
245 0 _aUniversal Design
260 _bArchitecture Press
_aUK
_c2000
300 _a116
546 _aEng.
650 _aArchitecture
_vUniversal Design
942 _cBK
999 _c9701
_d9701